Deaths in "A Clash of Kings" - Statistics

General Stats
  • This quiz has been taken 28 times
  • The average score is 15 of 66
Answer Stats
Manner of Death Character % Correct
Poisoned by Melisandre of Asshai at Dragonstone Maester Cressen
86%
Axed by Ser Amory Lorch's men at Gods Eye Yoren
73%
Cut down by a shadow assassin conjured by Melisandre of Asshai at Storm's End King Renly I Baratheon
68%
Mercifully killed by Osha at Winterfell Maester Luwin
55%
Mauled by a black bear at the order of Lord Roose Bolton at Harrenhal Ser Amory Lorch
55%
Speared by Raff the Sweetling in the Riverlands Lommy Greenhands
50%
Dies of a wasting disease in the Red Waste Doreah
45%
Cut down by Jon Snow at the Skirling Pass Qhorin Halfhand
45%
Cut down by Ramsay Snow at the battle of Winterfell Ser Rodrik Cassel
45%
Ripped apart by rioters at the riot of King's Landing High Septon
41%
Starved to death by Ramsay Snow at Hornwood Lady Donella Hornwood
41%
Cut down by Ser Loras Tyrell near Storm's End Ser Emmon Cuy
41%
Cut down by Ser Loras Tyrell near Storm's End Ser Robar Royce
41%
Mauled by his dog at Harrenhal Weese
41%
Cut down by Greyjoy forces at the capture of Winterfell Alebelly
36%
Pushed from a wall by Jaqen H'ghar at Harrenhal Chiswyck
36%
Speared by Ser Rodrik Cassel's men at Hornwood Reek
36%
Pushed overboard by Podrick Payne at the battle of the Blackwater Ser Mandon Moore
36%
Cut down by Ser Philip Foote at the battle of the Blackwater Lord Bryce Caron
32%
Speared by Stygg at Winterfell Mikken
32%
Beheaded by Prince Theon Greyjoy at Winterfell Farlen
27%
Cut down by rioters at the riot of King's Landing Ser Preston Greenfield
27%
Lanced by Lord Rickard Karstark at the battle of Oxcross Ser Stafford Lannister
27%
Drowned in a well at the order of Prince Theon Greyjoy at Winterfell Septon Chayle
23%
Cut down by a shadow assassin conjured by Melisandre of Asshai at Storm's End Ser Cortnay Penrose
23%
Succumbs to wounds taken at the battle of Oxcross Ser Stevron Frey
23%
Drowned by Aeron Greyjoy at the Stony Shore Benfred Tallhart
18%
Cut down by wildings at the Skirling Pass Dalbridge
18%
Cut down by Rattleshirt's wilding party at the Skirling Pass Ebben
18%
Succumbs to an arrow wound from Lorch forces in the Riverlands Kurz
18%
Cut down by Bolton forces at the battle of Winterfell Leobald Tallhart
18%
Skull smashed in by rioters at the riot of King's Landing Ser Aron Santagar
18%
Cut down Beyond the Wall by Qhorin Halfhand Alfyn Crowkiller
14%
Thrown overboard in the Narrow Sea at the orders of Tyrion Lannister Allar Deem
14%
Cut down by Bolton forces at the sack of Winterfell Black Lorren
14%
Throat slit by Osha at Winterfell Drennan
14%
Cut down by Ser Amory Lorch's men at Gods Eye Koss
14%
Shot in the eye by a Bolton man-at-arms at the battle of Winterfell Lord Cley Cerwyn
14%
Cut down by Ser Garlan Tyrell at the battle of the Blackwater Ser Guyard Morrigen
14%
Cut down by Bolton forces at the sack of Winterfell Ulf
14%
Speared by a Lorch soldier at the Gods Eye Woth
14%
Throat slit at Winterfell Aggar
9%
Tortured to death by the Tickler in the Riverlands All-for-Joffrey
9%
Stabbed in the stomach by a Lorch soldier at the Gods Eye Dobber
9%
Pushed down stairs at Winterfell Gelmarr the Grim
9%
Executed by Steelshanks Walton at Harrenhal Goodwife Harra
9%
Drowned in a well at Winterfell Gynir
9%
Cut down by Lannister forces at Stone Hedge Hendry Bracken
9%
Cut down by Bolton forces at the sack of Winterfell Kenned
9%
Drowned by Tully forces at the battle of the Fords at Stone Mill Lord Leo Lefford
9%
Succumbs to wounds taken at the battle of the Green Fork at Harrenhal Lord Medger Cerwyn
9%
Executed by Steelshanks Walton at Harrenhal Lucan
9%
Executed by Steelshanks Walton at Harrenhal Maester Tothmure
9%
Cut down by Ser Jaime Lannister at Riverrun Myles
9%
Cut down by Ser Jaime Lannister at Riverrun Poul Pemford
9%
Axed by Bolton forces at the sack of Winterfell Poxy Tym
9%
Dies of a chill on the Kingsroad Praed
9%
Maced by a Lorch soldier at Gods Eye Qyle
9%
Cut down by Lothor Brune at the battle of the Blackwater Ser Bryan Fossoway
9%
Cut down by Lothor Brune at the battle of the Blackwater Ser Edwyd Fossoway
9%
Mauled by Summer and Shaggydog at Winterfell Squint
9%
Executed by Ser Gregor Clegane's men at Darry Lord Lyman Darry
5%
Cut down by Bolton forces at the sack of Winterfell Red Rolfe
5%
Cut down by Lord Beric Dondarrion and his men in the Riverlands Ser Burton Crakehall
5%
Cut down by Queen Selyse Baratheon's forces at Dragonstone Ser Hubard Rambton
5%
Cut down by Stark forces at the battle of Oxcross Ser Rupert Brax
5%
No matching quizzes found
Score Distribution
Percent of People with Each Score
Percentile by Number Answered
Your Score History
You have not taken this quiz